000 00275nam a2200109Ia 4500
008 220104s9999 xx 000 0 und d
245 4 _aThe utilization of para rubber seed. Pt 2.
520 _a(only citataion)
650 _aRubber seed
650 _aUtilization
942 _cBE
999 _c47562
_d47562